000
00326nam a22001457a 4500
008
221118b ||||| |||| 00| 0 eng d
020
_a
21869895
041
_a
eng
080
_2
2ND EDITION
_a
610.73
082
_a
610.73 SCO
100
_a
8
101
_a
INF
245
_a
NURSING ADMINISTRATION
_c
SCOTT E
942
_2
udc
_c
BK
999
_c
58940
_d
58940